000 00305nam a22001337a 4500
008 181102b xxu||||| |||| 00| 0 eng d
020 _a0874847729
041 _aeng
080 _a370
100 _a47
101 _aEDU
245 _aDeduction Intreoduction Symbolic Logic
_cDaniel.B
942 _2udc
_cBK
999 _c51566
_d51566